Normal view
MARC view
- Lichter, S. Robert.
Entry Personal Name
001 - CONTROL NUMBER
- control field: 8415
003 - CONTROL NUMBER IDENTIFIER
- control field: NUST
005 - DATE AND TIME OF LATEST TRANSACTION
- control field: 20180116100020.0
008 - FIXED-LENGTH DATA ELEMENTS
- fixed length control field: 180116|| aca||aabn | a|a d
040 ## - CATALOGING SOURCE
- Original cataloging agency: NUST
- Transcribing agency: NUST
100 ## - HEADING--PERSONAL NAME
- Personal name: Lichter, S. Robert.
670 ## - SOURCE DATA FOUND
- Source citation: Work cat.: (NUST)0: Lichter, S. Robert., Watching America /, 1991.
